00479 2200181 4500245004600000020002200046250001100068100002400079700002400103700002200127650004300149005001900192260003200211041001400243084000800257300002300265336000900288 aPerfect TimingcAnderson, CatherinehText a978-602-247-222-3 aCet. 1 aAnderson, Catherine aEndang Sulistyowati aUki Dimas Gemawan aFiksi Inggris (dalam Bahasa Indonesia) a20230124091904 aJakartabDastan Booksc2015 aIndonesia a823 a548 hlm. :c18 cm. atext